000 00344nam a2200145Ia 4500
008 230711s9999||||xx |||||||||||||| ||und||
041 _aENG
082 _a720
_bHA-B
100 _aHans Laxah Raj
245 0 _aBasic shop practices
250 _a1st Ed.
260 _c1993
_aNew Delhi
_bPradeep publishers
650 _aArchitecture
942 _cBK
999 _c2965
_d2965